| 000 | 00433nam a22001697a 4500 | ||
|---|---|---|---|
| 005 | 20250414162510.0 | ||
| 008 | 250411b |||||||| |||| 00| 0 eng d | ||
| 020 | _a978-93-5124-865-1 | ||
| 041 | _aeng | ||
| 082 | _a631.41 SAN-T | ||
| 100 |
_aSANYAL, SAROJ KUMAR _98619 |
||
| 245 | _aA TEXTBOOK OF SOIL CHEMISTRY | ||
| 260 |
_aNEW DELHI _bDAYA PUBLISHING HOUSE _c2022 |
||
| 300 | _a283;P | ||
| 650 | _aAGRICULTURE | ||
| 942 | _cBK | ||
| 999 |
_c8755 _d8753 |
||